Municipios de A Coruña en un mapa - Estadísticas

Estadísticas generales
  • Esta prueba ha sido intentada 88 veces
  • La puntuación promedio es 47 de 93
Respuestas en el mapa
Las respuestas están codificadas por una escala verde-roja en el mapa de la prueba según el % correcto abajo.
 
Estadísticas de respuestas
Respuesta % Correcto
A Coruña
100%
Ferrol
95%
Muros
86%
Betanzos
81%
Santiago de Compostela
81%
Arteixo
76%
Carballo
76%
Fene
76%
Fisterra
76%
Noia
76%
Oleiros
76%
Ribeira
76%
Sada
76%
Cariño
71%
Cee
71%
Culleredo
71%
Miño
71%
Narón
71%
Padrón
71%
Arzúa
67%
Boiro
67%
Cambre
67%
Malpica de Bergantiños
67%
Melide
67%
Muxía
67%
Pontedeume
67%
Ares
62%
Carnota
62%
Cedeira
62%
Porto do Son
62%
Rianxo
62%
A Laracha
57%
Bergondo
57%
Corcubión
57%
Negreira
57%
Ortigueira
57%
Vimianzo
57%
Abegondo
52%
Ames
52%
Camariñas
52%
Laxe
52%
Santa Comba
52%
Teo
52%
Zas
52%
A Baña
48%
Boimorto
48%
Carral
48%
Cerceda
48%
Coristanco
48%
Dumbría
48%
Mugardos
48%
O Pino
48%
Ordes
48%
Outes
48%
Paderne
48%
Ponteceso
48%
Cabaña de Bergantiños
43%
Cabanas
43%
Mazaricos
43%
Neda
43%
Valdoviño
43%
Curtis
38%
Frades
38%
Irixoa
38%
Lousame
38%
Oza-Cesuras
38%
San Sadurniño
38%
A Capela
33%
As Pontes de García Rodríguez
33%
Brión
33%
Val do Dubra
33%
A Pobra de Caramiñal
29%
Aranga
29%
Boqueixón
29%
Cerdido
29%
Coirós
29%
Dodro
29%
Moeche
29%
Oroso
29%
Trazo
29%
As Somozas
24%
Mañón
24%
Mesía
24%
Monfero
24%
Sobrado
24%
Toques
24%
Tordoia
24%
Touro
24%
Vedra
24%
Vilarmaior
24%
Vilasantar
24%
Rois
19%
Santiso
19%
No se encontraron pruebas coincidentes
Distribución de puntuación
Porcentaje de gente con cada puntuación
Porcentaje por número respondido
Historial de tus puntuaciones
No has intentado esta prueba.